Bake a recipe for chocolate chip cookies - Statistics

General Stats
  • This quiz has been taken 116 times
  • The average score is 8 of 9
Answer Stats
Hint Answer % Correct
2 1/4 cups All purpose flour
96%
2 cups Chocolate chips
96%
1 cup/ 2 sticks butter (softened)
95%
3/4 cup brown sugar
94%
3/4 cup sugar (granulated)
94%
1 teaspoon baking soda
91%
2 eggs
91%
1/2 teaspoon salt
84%
1 teaspoon Vanilla extract
84%
No matching quizzes found
Score Distribution
Percent of People with Each Score
Percentile by Number Answered
Your Score History
You have not taken this quiz